Goldman ou pas Goldman ? - Statistiques

Statistiques générales
  • Ce quiz a été pris 591 fois
    529 depuis la dernière actualisation
  • Le résultat moyen est 21 sur 25
Statistiques - réponses
Question Tuile Select % Correct
. Gabrielle Non
98%
. Qui à le droit Non
98%
. Savoir aimer Non
97%
. Tomber Non
97%
. Comme toi Oui
96%
. Mourir demain Non
96%
. La-bas Oui
95%
. La Vie par procuration Oui
95%
. Une seule vie Non
94%
. Bienvenue chez moi Non
93%
. Pas toi Oui
93%
. Tournent les violons Oui
93%
. C'est la vie Non
92%
. Il changeait la vie Oui
92%
. Ta main Non
91%
. Tous l'or des hommes Non
90%
. Seul Non
88%
. On ira Oui
87%
. On ne change pas Non
86%
. C'est ta chance Oui
81%
. Bonne idée Oui
68%
. Sache que je Oui
65%
. Ensemble Oui
56%
. Les Choses Oui
48%
. Je voudrais vous revoir Oui
38%
Aucun quiz correspondant
Distribution des résultats
% des personnes avec chaque résultat
Percentile par nombre de réponses
Votre historique - résultats
Vous n’avez pas pris ce quiz depuis la dernière actualisation